Open Data Biblioteca Nacional de Portugal


República Portuguesa: Ministério da Cultura
Biblioteca Nacional de Portugal

Catálogo da BNP: acesso por Identificadores Unívocos
Registos Bibliográficos associados ao registo de autoridade

Etiqueta de registo: 00254nam 2200025 450
001 2284358
003 http://id.bnportugal.gov.pt/bib/catbnp/2284358
010 ## $a9798310483422
021 ## $aPT$b543847/25
100 ## $a20260414d2025 m y0pory01030103ba
101 1# $apor
102 ## $aPT
105 ## $aa z 000yy
106 ## $ar
200 1# $a Os protocolos dos sábios de Sião$ftrad. e coment. R. S.$gorg., introd. Rui Amiguinho
210 #9 $aLisboa$cContra-Corrente,$dcop. 2025
215 ## $a341 p.$cil.$d23 cm
675 ## $a323.1(=411.16)$vBN$zpor$3874659
702 #1 $aS.,$bR.$4730$31998876
702 #1 $aAmiguinho,$bRui,$f1970-$4340$31550524
801 #0 $aPT$bBN$gRPC
856 41 $uhttp://rnod.bnportugal.gov.pt/ImagesBN/winlibimg.aspx?skey=&doc=2284358&img=222352&save=true
900 ## $aBIBNAC$d20260520
966 ## $lBN$mFGMON$sS.C. 169101 V.$x1
966 ## $lBN$mFGMON$sS.C. 169101 V.-D$x1
971 ## $ccsilva$d20260414
972 ## $e0$z0$d20260520$vasantos
973 ## $cigoulao$d20260512

OpendataBNP@bnportugal.pt | Mais informação sobre acesso aos dados BNP